000 00329nam a2200133Ia 4500
008 240624s9999 xx 000 0 und d
041 _aeng
082 _a828 PAT
100 _aPATTANAIK DEVDUTT
245 _aFUN IN DEVLOK OMNIBUS
260 _c2014
_aNew Delhi
_bPuffin Books
300 _a301 : p. : cm. ; 20
365 _cRS
_b30
999 _c26827
_d26827